00603 2200193 4500001002100000005001500021035002000036007000300056008004100059020001800100082001100118084001700129100002200146245012000168250002900288260004100317300003300358650001800391INLIS00000000000462520260512112239 a0010-0526000039ta260512 g 0 ind  a979-3952-73-3 a297.36 a297.36 ABU m0 aAbu Anas Muhammad1 aMisteri Sayyidul Ayyam: Shalat Jum'at /cAbu Anas Muhammad (Penulis); Hadian Rizani & Achmad Darwis S. (Penerjemah) aCetakan I, Februari 2008 aYogyakarta :bPustaka Pelajar,c2008 axvi; 148 Hal :bTeks ;c21cm 4aShalat Jum'at